000 00449cam a22001571 4500
082 _a51.28
_bSNO
_cL-4, P-15
100 1 _aSnodgrass, Burns.
_939259
245 1 0 _aTeach yourself the slide rule.
260 _aLondon,
_bEnglish Universities Press
_c[1955]
300 _a207 p.
_billus.
_c19 cm.
490 0 _aThe Teach yourself books
526 _a0
_b0
_c0
_d510_280000000000000_SNO
650 0 _aMCE
_9379
650 0 _aSlide-rule.
942 _2ddc
_cBK
999 _c543769
_d543769